Guess the Famous People from their Eyes #40 - Statistics

General Stats
  • This quiz has been taken 63 times
  • The average score is 5 of 16
Answer Stats
Picture Answer % Correct
Lindsay Lohan
80%
Lana Del Rey
59%
Reba McEntire
46%
Ashley Tisdale
39%
John Lithgow
36%
Jelly Roll
34%
Patrick Mahomes
30%
James McAvoy
27%
Edgar Allan Poe
21%
Joe DiMaggio
21%
Caitlin Clark
16%
Jordin Sparks
13%
Mary Berry
13%
Paul Ryan
11%
Wayne Knight
9%
Kehlani
4%
No matching quizzes found
Score Distribution
Percent of People with Each Score
Percentile by Number Answered
Your Score History
You have not taken this quiz